=LDR 00000nam 2200000 4500 =001 INLIS000000000039428 =005 20130612145045 =008 ***********************************ind** =035 ##$$0010-061300000039428 =041 ##$$a ind =082 ##$$a 813.085 =090 ##$$a 813.085, Ram u =100 ##$$a RAMPAN, Korrie Layang =245 ##$$a Upacara, Sebuah novel, Korrie layan rampan, Pammusuk eneste =260 ##$$a 2007 $b Jakarta =300 ##$$a Xx,123 Hlm, 21 cm =650 ##$$a FIKSI - ROMAN =850 ##$$a NBPNMAT =990 ##$$a 21400613/BPAP-NTB/20142014 =990 ##$$a 2090100804/BPAP-NTB/2015 =990 ##$$a 2090100884/BPAP-NTB/2015